000 006880000a22002290004500
003 LK-CoMWRAF
005 20240701165304.0
008 230817t2006 ||||| |||| 00| 0 eng d
020 _a9551302001
040 _aLK-CoMWRAF
_dLK-CoMWRAF
_eLK-CoMWRAF
041 _aeng
082 _a346.043
_bSEL
245 _aSelected Laws on State Lands
260 _aColombo:
_bLaw & Society Trust
_c2006
300 _axvii, 392 p. ; 29 cm.
650 _aPUBLIC LANDS-Sri Lanka
650 _aLand tenure--Law and legislation--Sri Lanka.
650 _aLand reform--Law and legislation--Sri Lanka.
650 _a Eminent domain--Sri Lanka.
700 _aGoonesekere, R.K.W.
_ecomp.
942 _cBK
999 _c1343
_d1343